ห้องสมุด วิทยาลัยพยาบาลบรมราชชนนี อุดรธานี
Boromarajonani College of Nursing, Udonthani
เปลี่ยนเป็นภาษาไทย

Change to English
 แสดงรายละเอียดบรรณานุกรม
  กลับหน้าหลัก

Brief Record : Get Marc (ISO 2709) : E-mail record : QR code ปิดหน้าต่าง
หนังสืออ้างอิง : เกี่ยวกับ Collections
mysqli: Table './ulib2015/stat_globaluid' is marked as crashed and last (automatic?) repair failed
select id from stat_globaluid where statuid='20260418040703_3536' 
mysqli: Table './ulib2015/stat_globaluid' is marked as crashed and last (automatic?) repair failed
DELETE FROM stat_globaluid
			WHERE id NOT IN (
			  SELECT id
			  FROM (
				SELECT id
				FROM stat_globaluid
				ORDER BY id DESC
				LIMIT 100
			  ) foo
			); 
mysqli: Table './ulib2015/stat_globaluid' is marked as crashed and last (automatic?) repair failed
insert into stat_globaluid set
		statuid='20260418040703_3536',
		dt='1776460023',
		phpself='/ULIB/dublinfull.php',
		agent='Mozilla/5.0 AppleWebKit/537.36 (KHTML, like Gecko; compatible; ClaudeBot/1.0; +claudebot@anthropic.com)',
		yea='2026',
		mon='4',
		dat='18',
		ip='216.73.216.198'
		
		
LEADER 00000nam 2200325 a 4500
001    13399120060
003     ULIBM
008    250912s2010 us 000 0 eng d
020    ^a9781419553448
050  4 ^aRT55^bN277N
245 00 ^aNCLEX-RN :^bStrategies, Practice, and review for the registered nursing licensing exam^cBarbara J.Irwin and Judith A. Burckhardt.
260    ^aNew York :^bKaplan Publishing,^c2010.
300    ^axv, 476 p. :^bill, ;^c28 cm.
650  0 ^aNational Council Licensure Examination for RegisteredNurses^vStudy guides.
650  0 ^aNursing^vExaminations, questions, etc.
650  0 ^aNCLEX-RN
830  0 ^aIncredibly easy books.
945    ^p0^l0^i36625
999     ^aพรปวีณ์
รายการนี้ยังไม่มีแท็ก
คุณยังไม่ได้ล็อกอิน คุณสามารถมีกิจกรรมร่วมกับเว็บไซต์ได้ แต่ต้องล็อกอินก่อน ::
  ล็อกอิน
ลำดับที่ ประเภท เลขเรียก/บาร์โค้ด สถานที่ สถานะ
1. หนังสือการพยาบาล
หนังสือการพยาบาล
RT55 N277N 2010  
  Barcode: 36625
หนังสือการพยาบาล On Shelf
  ขอยืม
   [แสดง 1/1 รายการ]

mysqli: Can't create/write to file '/var/tmp/#sql_59d_0.MAI' (Errcode: 2)
select * from index_db where titl like '%NCLEX-RN : Strategies, Practice, and review for the registered nursing licensing exam Barbara J.Irwin and Judith  A. Burckhardt.%' and mid<>'13399120060'  order by rand() limit 3
mysqli: Can't create/write to file '/var/tmp/#sql_59d_0.MAI' (Errcode: 2)
select * from index_db where subj like '%National Council Licensure Examination for RegisteredNurses Study guides.%' and mid<>'13399120060'  order by rand() limit 3
mysqli: Can't create/write to file '/var/tmp/#sql_59d_0.MAI' (Errcode: 2)
select * from index_db where subj like '%Nursing Examinations, questions, etc.%' and mid<>'13399120060'  order by rand() limit 3
mysqli: Can't create/write to file '/var/tmp/#sql_59d_0.MAI' (Errcode: 2)
select * from index_db where subj like '%NCLEX-RN%' and mid<>'13399120060'  order by rand() limit 3

BibComment


ยังไม่เคยถูกคอมเมนท์

คอมเมนท์ทรัพยากรรายการนี้
  คอมเมนท์: NCLEXRN Strateg..
Bib 13399120060

 
 
 

 Union Library Management : ULibM
Copyright 2026. All Rights Reserved.